000 00916nam a22003017a 4500
001 9651
003 FISKH
005 20260128093420.0
008 260128b cb ||||| |||| 00| 0 eng d
020 _a9780763613280
040 _aFISKH
_beng
_cFISKH
_dFISKH
050 _aPZ7
082 _a823.92
100 _aMartin, David
_eAuthor
245 _aPiggy's bath /
_cDavid Martin ; illustrated by Frank Remkiewicz
260 _aGuangdong :
_bCandlewick Press ,
_c2001
300 _a8 unnumbered pages :
_bcolor illustrations ;
_c14 x 20 cm
490 _aBrand new readers
505 _aC
520 _aPiggy and Dad have fun with drawings, the bathtub, sandwiches, and bedtime.
521 8 _a100
_bLexile estimate
521 8 _aC
_bRaz-Plus
650 _aChildren's
_vEarly reader
650 _aFiction
_vPig
700 _aRemkiewicz, Frank
_eIllustrator
942 _2ddc
_cBK
_n0
999 _c9651
_d9651